000 00711cam a22002292 4500
001 0000000287
005 20151021151044.0
008 070119s xx 000 0 eng d
020 _a8129709333 :
_cKES 3,000
040 _aKABU
_cKABU
050 0 _aQA76.73
_b.J38H67 2005
100 1 _aHorstman, Cay S.
_@0000148393
245 1 0 _aCore Java 2, volume 1 :
_bfundamentals /
_cCay S. Horstmann, Gary Cornell.
250 _a7th ed.
260 _aDelhi :
_bPerson Educ,
_c2005.
300 _a784 p.
650 0 _aJava (Computer program language)
_@0000148169
700 1 _aCornell, Gary.
_@0000148394
908 _a070119
950 _@1
999 _c147
_d147